01378 2200409 4500001002100000005001500021035002000036007000300056008004100059020002200100040002200122082001400144084001600158090002200174100009600196245017300292250003400465300003800499500002900537650001200566700003100578700002800609850001200637041001300649264004600662336002100708337003000729338002300759999002200782546004000804990002200844990002000866990002000886990002000906990002200926990002000948INLIS00000000088467020240304020354 a0010-0324000100ta240304s2024 yoia f ind d a978-623-164-472-5 aYOPDYOGbinderda04223a297.4 a297.4 RUM f aCB-D.11 2024-00691 aRumi, JalaluddinepengarangqMaulana Jalaluddin Rumi Muhammad bin Hasin al-Khattai al-Bakri10aFihi ma fihi :bekspresi cinta dan kebijaksanaan Rumi dalam mencari arti kehidupan dan kebenaran /cJalaluddin Rumi; penyunting, Arif Ishartadi; penerjemah, Zulfan Arif aCetakan pertama, Januari 2024 ax, 390 halaman :bgambar ;c19 cm aJudul asli: feeh ma feeh 4aSufisme0 aArif Ishartadiepenyunting0 aZulfan Arifepenerjemah aYOPDYOG1 aindhara31aYogyakarta :bAnak Hebat Indonesia,c2024 2rdacontentateks 2rdamediaatanpa perantara 2rdacarrieravolume aCB-D.11/2024-0069 aTeks diterjemahkan dari bahasa Arab aCB-D.11/2024-0069 a48910-PD/B.2025 a48911-PD/B.2025 a48911-PD/B.2025 aCB-D.11/2024-0069 a48910-PD/B.2025